| 000 | 00447nam a2200157 4500 | ||
|---|---|---|---|
| 001 | 145037 | ||
| 003 | ES-MaACL | ||
| 005 | 20230906201142.0 | ||
| 007 | t| | ||
| 008 | 070214s1903 fr r ||||1| fre d | ||
| 100 | 1 |
_aSollier, Paul. _9107228 |
|
| 245 | 1 | 4 |
_aLes phénomènes d'autoscopie / _cpar le Dr. Paul Sollier. |
| 260 |
_aParis : _b[s. n.], _c1903 ( _eChartres : _fDurand) |
||
| 300 |
_a175 p. ; _c19 x 12 cm. |
||
| 852 |
_aES-MaACL _jF-11693 |
||
| 999 |
_c145037 _d145037 |
||